[Event "Titled Tue 10th Jun Late"]
[Site "chess.com INT"]
[Date "2025.06.10"]
[Round "6"]
[White "Mayaud, Raphael"]
[Black "Schracke, Guido"]
[Result "1/2-1/2"]
[WhiteTitle "CM"]
[BlackTitle "CM"]
[WhiteElo "2126"]
[BlackElo "2138"]
[WhiteFideId "627151"]
[BlackFideId "4637054"]
[EventDate "2025.06.10"]

1. d4 Nf6 2. Bg5 Ne4 3. Bf4 d5 4. e3 e6 5. Bd3 Nd6 6. Nf3 a6 7. Nbd2 Nc6 8. O-O
Be7 9. c4 dxc4 10. Nxc4 Nxc4 11. Bxc4 Bd6 12. Bg3 Bxg3 13. hxg3 O-O 14. Rc1 Bd7
15. a3 Rb8 16. Qc2 h6 17. Bd3 Qf6 18. Rfd1 Rfc8 19. Qc5 Be8 20. Be4 g6 21. Bb1
Kg7 22. b4 Ne7 23. Qe5 Nd5 24. Ba2 Bc6 25. Qxf6+ Nxf6 26. Ne5 Bd5 27. Bxd5 exd5
28. Nd3 c6 29. Nc5 Re8 30. Rb1 Re7 31. Rdc1 Kf8 32. a4 Ra8 33. b5 axb5 34. axb5
Ne8 35. bxc6 bxc6 36. Rb6 Rc8 37. Nd3 Re6 38. Ne5 Nd6 39. Rbxc6 Rce8 40. R6c5
Ne4 41. Rxd5 Kg7 42. Nf3 R8e7 43. Re5 Rxe5 44. Nxe5 h5 45. Nd3 Ra7 46. Ne5 f6
47. Nd3 g5 48. Ne1 Ra2 49. Nd3 Rd2 50. Nc5 Nxf2 51. d5 Ng4 52. e4 Kg6 53. Ne6
Ne5 54. Rf1 Re2 55. Rd1 Rxe4 56. d6 Nd7 57. Nc7 Kf7 58. Rd2 Rc4 59. Nd5 Ne5 60.
Ne3 Rc8 61. Nf5 Rd8 62. Ne3 Ke6 63. Nd5 Nc4 64. Nc7+ Kd7 65. Rd4 Nxd6 66. Nb5
Re8 67. Rxd6+ Ke7 68. Rc6 Kf7 69. Rb6 Re1+ 70. Kh2 Rc1 71. Nd6+ Kg6 72. Nb7 Kf5
73. Rb5+ Kg4 74. Rb4+ Kf5 75. Rb3 h4 76. gxh4 gxh4 77. Na5 Kg5 78. Nb7 f5 79.
Nd6 Rc5 80. Rb5 Rxb5 81. Nxb5 Kg4 82. Nd6 f4 83. Ne4 f3 84. Nf6+ Kf5 85. gxf3
Kxf6 86. Kh3 Kf5 87. Kxh4 Kf4 88. Kh5 Kxf3 1/2-1/2

[Event "Titled Tue 10th Jun Late"]
[Site "chess.com INT"]
[Date "2025.06.10"]
[Round "6"]
[White "Thorhallsson, Simon"]
[Black "Odegov, Artem"]
[Result "0-1"]
[WhiteTitle "FM"]
[BlackTitle "FM"]
[WhiteElo "2202"]
[BlackElo "2244"]
[WhiteFideId "2310090"]
[BlackFideId "34183644"]
[EventDate "2025.06.10"]

1. e4 Nf6 2. e5 Nd5 3. d4 Nb6 4. Nf3 d6 5. exd6 cxd6 6. h3 g6 7. Bd3 Bg7 8. O-O
O-O 9. Re1 Nc6 10. c3 e5 11. dxe5 dxe5 12. Bg5 f6 13. Be3 Be6 14. Na3 Nd5 15.
Bd2 Qd7 16. Bb5 a6 17. Bf1 Rfd8 18. Nc4 Rac8 19. a4 b5 20. axb5 axb5 21. Na3 b4
22. Nb5 bxc3 23. bxc3 Nb6 24. Be3 Nc4 25. Qxd7 Rxd7 26. Bc5 N6a5 27. Bb4 Nb3 28.
Ra6 Bf7 29. Rb1 Nbd2 30. Nxd2 Nxd2 31. Rba1 Nxf1 32. Nd6 Rcd8 33. Kxf1 Bd5 34.
c4 Be6 35. c5 Bf8 36. Ne4 Bc4+ 37. Kg1 Rd1+ 38. Kh2 Bxa6 39. Rxa6 f5 40. Nf6+
Kg7 41. Bc3 Bxc5 42. Bxe5 Bd4 43. Bxd4 R1xd4 44. g4 fxg4 45. hxg4 h6 46. Kg3 Rf8
47. g5 hxg5 48. Ng4 Rdf4 49. Ne5 R4f6 50. Ra7+ Kg8 51. Ng4 Rf3+ 52. Kg2 R3f4 53.
Kg3 Kh8 54. Kh3 Rf3+ 55. Kg2 R3f4 56. Kg3 Re4 57. Kh3 Rf3+ 58. Kg2 Rff4 59. f3
Re2+ 60. Kg3 Re8 61. Nh6 Ref8 62. Ra3 Kh7 63. Ng4 Kh8 64. Nh2 Rc4 65. Ng4 Rfc8
66. Nh2 Rc3 67. Ra7 Rf8 68. Ra6 Kg7 69. Ra7+ Rf7 70. Ra6 Rfc7 71. Ra5 R3c5 72.
Ra4 Rc2 73. Rb4 Ra7 74. Rd4 Rc5 75. Ng4 Rf5 76. Rd6 Rff7 77. Rc6 Rfe7 78. Rb6
Rac7 79. Ra6 Rc3 80. Rb6 Rf7 81. Ne5 Rf5 82. Rxg6+ Kh7 83. Re6 Re3 84. Kg4 Rfxe5
85. Rf6 Kg7 86. Ra6 Rb3 87. Ra7+ Kf6 88. Ra6+ Re6 89. Ra5 Rb4+ 90. Kg3 Kg6 91.
Rc5 Rf6 92. Rd5 Rb3 93. Rc5 Rbxf3+ 94. Kg2 R3f4 95. Kg3 R4f5 96. Rc7 Rf3+ 97.
Kg4 R6f4# 0-1

[Event "Titled Tue 10th Jun Late"]
[Site "chess.com INT"]
[Date "2025.06.10"]
[Round "7"]
[White "Thiel, Thomas"]
[Black "Gerbelli Neto, Eduardo"]
[Result "0-1"]
[WhiteTitle "FM"]
[WhiteElo "2170"]
[BlackElo "2114"]
[WhiteFideId "4615964"]
[BlackFideId "2103281"]
[EventDate "2025.06.10"]

1. e4 e5 2. Nf3 Nc6 3. d4 exd4 4. Nxd4 Nf6 5. Nxc6 bxc6 6. e5 Qe7 7. Qe2 Nd5 8.
c4 Ba6 9. b3 O-O-O 10. Ba3 Qg5 11. Nd2 Bxa3 0-1

[Event "Titled Tue 10th Jun Late"]
[Site "chess.com INT"]
[Date "2025.06.10"]
[Round "7"]
[White "Zilberstein, Dmitry"]
[Black "Andrade, Ivan"]
[Result "1-0"]
[WhiteTitle "IM"]
[BlackTitle "FM"]
[WhiteElo "2358"]
[BlackElo "2144"]
[WhiteFideId "2010739"]
[BlackFideId "14800039"]
[EventDate "2025.06.10"]

1. e4 c5 2. Nf3 d6 3. d4 cxd4 4. Qxd4 Nc6 5. Bb5 Bd7 6. Qd3 a6 7. Bxc6 Bxc6 8.
c4 Qc7 9. Nc3 e6 10. O-O Nf6 11. Bf4 Rd8 12. Rfe1 h6 13. Nd5 Bxd5 14. exd5 e5
15. Nxe5 dxe5 16. Bxe5 1-0

[Event "Titled Tue 10th Jun Late"]
[Site "chess.com INT"]
[Date "2025.06.10"]
[Round "7"]
[White "Marchesich, Giovanni"]
[Black "Yushko, Olga"]
[Result "1-0"]
[WhiteTitle "CM"]
[BlackTitle "WFM"]
[WhiteElo "2189"]
[BlackElo "2033"]
[WhiteFideId "2824790"]
[BlackFideId "14114500"]
[EventDate "2025.06.10"]

1. b3 Nf6 2. Bb2 e6 3. d3 d5 4. Nd2 Be7 5. Ngf3 O-O 6. g3 c5 7. Bg2 Nc6 8. O-O
Qc7 9. e4 b5 10. a4 bxa4 11. Rxa4 Bd7 12. Ra1 a5 13. Qe2 dxe4 14. dxe4 Nb4 15.
Nc4 Bc6 16. Nfe5 Bb5 17. Rfd1 Qxe5 18. Bxe5 a4 19. bxa4 Bxa4 20. Nb6 Nxc2 21.
Rxa4 Rxa4 22. Nxa4 1-0

[Event "Titled Tue 10th Jun Late"]
[Site "chess.com INT"]
[Date "2025.06.10"]
[Round "7"]
[White "Zierk, Steven"]
[Black "Vlassov, Nikolai"]
[Result "0-1"]
[WhiteTitle "GM"]
[BlackTitle "IM"]
[WhiteElo "2489"]
[BlackElo "2291"]
[WhiteFideId "2034255"]
[BlackFideId "4103360"]
[EventDate "2025.06.10"]

1. e4 Nc6 2. Nf3 d5 3. exd5 Qxd5 4. Nc3 Qa5 5. d4 Bg4 6. h3 Bxf3 7. Qxf3 O-O-O
8. Qxf7 e5 9. d5 Nd4 10. Bd3 Nf6 11. d6 Rd7 12. Qc4 b5 13. Qxc7+ Rxc7 14. dxc7
e4 15. Bf1 Nxc2+ 16. Kd1 Nxa1 17. Bf4 Bb4 18. Nxb5 Qa4+ 19. b3 Qxa2 0-1

[Event "Titled Tue 10th Jun Late"]
[Site "chess.com INT"]
[Date "2025.06.10"]
[Round "7"]
[White "Lesovoi, Evgenij"]
[Black "Shearsby, Jude"]
[Result "1-0"]
[WhiteTitle "FM"]
[BlackTitle "CM"]
[WhiteElo "2234"]
[BlackElo "2160"]
[WhiteFideId "24164135"]
[BlackFideId "462527"]
[EventDate "2025.06.10"]

1. d4 e5 2. dxe5 d6 3. e4 Nc6 4. Nc3 Nxe5 5. Nf3 Nxf3+ 6. Qxf3 Nf6 7. Bd3 Be7 8.
h3 O-O 9. O-O h6 10. Be3 c6 11. Rad1 Nd7 12. Qg3 Kh8 13. Bc4 Ne5 14. Bb3 Be6 15.
Bd4 Bh4 16. Qe3 Nc4 17. Qxh6+ Kg8 18. Qxg7# 1-0

[Event "Titled Tue 10th Jun Late"]
[Site "chess.com INT"]
[Date "2025.06.10"]
[Round "7"]
[White "Doric, Darko"]
[Black "Elier, Ali"]
[Result "1-0"]
[WhiteTitle "IM"]
[BlackTitle "CM"]
[WhiteElo "2444"]
[BlackElo "2142"]
[WhiteFideId "14507200"]
[BlackFideId "16217543"]
[EventDate "2025.06.10"]

1. d4 Nf6 2. Bg5 d5 3. e3 c5 4. Bxf6 gxf6 5. Nc3 Nc6 6. Qh5 e6 7. Bb5 cxd4 8.
exd4 Bd7 9. Nge2 f5 10. O-O-O Qf6 11. Bxc6 bxc6 12. Nf4 Qh6 13. Qf3 Bd6 14. Ne2
Rb8 15. Kb1 c5 16. dxc5 Bxc5 17. Rhe1 O-O 18. Nd3 Be7 19. Ne5 Bb5 20. Nd4 Bf6
21. g4 fxg4 22. Nxg4 1-0

[Event "Titled Tue 10th Jun Late"]
[Site "chess.com INT"]
[Date "2025.06.10"]
[Round "7"]
[White "Craciun, Sasha-Matei"]
[Black "Terron Elena, Francisco M."]
[Result "1-0"]
[WhiteTitle "FM"]
[BlackTitle "FM"]
[WhiteElo "2320"]
[BlackElo "2148"]
[WhiteFideId "1281186"]
[BlackFideId "2210576"]
[EventDate "2025.06.10"]

1. e4 e5 2. Nf3 Nc6 3. Bb5 a6 4. Ba4 Nge7 5. Nc3 d6 6. a3 Bd7 7. d4 exd4 8. Nxd4
Nxd4 9. Bxd7+ Qxd7 10. Qxd4 Nc6 11. Qe3 Be7 12. Nd5 O-O 13. O-O Rae8 14. Bd2 f5
15. Qb3 Kh8 16. Qxb7 Rb8 17. Qxc7 Qxc7 18. Nxc7 Rxb2 19. exf5 Rxc2 20. Be3 a5
21. Rac1 Rxc1 22. Rxc1 Ne5 23. Nd5 Bd8 24. Rc8 Kg8 25. h3 Kf7 26. Ra8 Nc4 27. a4
Nb2 28. Ra7+ Kg8 29. Bd4 1-0

[Event "Titled Tue 10th Jun Late"]
[Site "chess.com INT"]
[Date "2025.06.10"]
[Round "7"]
[White "Hernandez Bonilla, Amelia"]
[Black "Kraus, Tomas"]
[Result "0-1"]
[WhiteTitle "WFM"]
[BlackTitle "GM"]
[WhiteElo "1976"]
[BlackElo "2420"]
[WhiteFideId "3900193"]
[BlackFideId "331708"]
[EventDate "2025.06.10"]

1. d4 c6 2. Bf4 g6 3. Nc3 Bg7 4. e4 d6 5. Nf3 Bg4 6. Be2 Nd7 7. h3 Bxf3 8. Bxf3
e5 9. Be3 Ngf6 10. Qd2 O-O 11. O-O-O Re8 12. d5 Nb6 13. Bh6 Nc4 14. Qg5 Qa5 15.
Bxg7 Kxg7 16. Be2 Nxb2 17. Kxb2 Qb4+ 18. Kc1 Qxc3 19. dxc6 Qa1+ 20. Kd2 Nxe4+ 0-1

[Event "Titled Tue 10th Jun Late"]
[Site "chess.com INT"]
[Date "2025.06.10"]
[Round "7"]
[White "Mafra, Kaiser Luiz"]
[Black "Sivakumar, Shaashwath"]
[Result "0-1"]
[WhiteTitle "CM"]
[BlackTitle "FM"]
[WhiteElo "2076"]
[BlackElo "2216"]
[WhiteFideId "2106698"]
[BlackFideId "30912156"]
[EventDate "2025.06.10"]

1. d4 d6 2. Nc3 Nf6 3. Bf4 g6 4. Qd2 Bg7 5. Bh6 Bxh6 6. Qxh6 c6 7. f3 Nbd7 8.
O-O-O b5 9. a3 a5 10. e4 Qc7 11. d5 b4 12. dxc6 bxc3 13. cxd7+ Bxd7 14. b3 Qc5
15. Rd3 Bb5 16. Rxc3 Qxa3+ 17. Kd2 Bxf1 18. Nh3 Bxg2 19. Rg1 Qb4 20. Rxg2 Rc8
21. Qe3 d5 0-1

[Event "Titled Tue 10th Jun Late"]
[Site "chess.com INT"]
[Date "2025.06.10"]
[Round "7"]
[White "Hartge, Gedeon"]
[Black "Montano Vicente, Guadalupe"]
[Result "1-0"]
[WhiteTitle "FM"]
[WhiteElo "2328"]
[BlackElo "1938"]
[WhiteFideId "12932116"]
[BlackFideId "5181399"]
[EventDate "2025.06.10"]

1. Nf3 c5 2. e3 Nf6 3. c4 g6 4. Nc3 Bg7 5. d4 cxd4 6. exd4 O-O 7. Be2 d5 8. O-O
dxc4 9. Bxc4 Nbd7 10. Re1 Nb6 11. Bb3 Bg4 12. h3 Bxf3 13. Qxf3 Qxd4 14. Rxe7
Rae8 15. Be3 Qd6 16. Rxb7 Nbd7 17. Rd1 Qe7 18. Rxa7 Ne5 19. Qf4 Nh5 20. Rxe7
Nxf4 21. Rxe8 Nxh3+ 22. gxh3 Rxe8 23. Kg2 Bf6 24. Nd5 Bd8 25. Re1 Kg7 26. Bd4
Bf6 27. Nxf6 1-0

[Event "Titled Tue 10th Jun Late"]
[Site "chess.com INT"]
[Date "2025.06.10"]
[Round "7"]
[White "Vakhidov, Jakhongir"]
[Black "Le, Tuan Minh"]
[Result "1-0"]
[WhiteTitle "GM"]
[BlackTitle "GM"]
[WhiteElo "2539"]
[BlackElo "2598"]
[WhiteFideId "14201801"]
[BlackFideId "12401153"]
[EventDate "2025.06.10"]

1. c4 c6 2. Nc3 d5 3. d4 Nf6 4. cxd5 cxd5 5. Bf4 Nc6 6. e3 a6 7. Be2 Bf5 8. Nf3
e6 9. Qb3 Ra7 10. Ne5 Nxe5 11. Bxe5 Nd7 12. O-O Qb6 13. Rfc1 Ra8 14. Nb5 axb5
15. Bxb5 1-0

[Event "Titled Tue 10th Jun Late"]
[Site "chess.com INT"]
[Date "2025.06.10"]
[Round "7"]
[White "Papasimakopoulos, Alexandros"]
[Black "Kunin, Vitaly"]
[Result "1-0"]
[WhiteTitle "IM"]
[BlackTitle "GM"]
[WhiteElo "2366"]
[BlackElo "2500"]
[WhiteFideId "4244125"]
[BlackFideId "4128737"]
[EventDate "2025.06.10"]

1. d4 d5 2. c4 dxc4 3. e3 e5 4. Bxc4 exd4 5. Nf3 Nf6 6. O-O Bd6 7. exd4 O-O 8.
h3 h6 9. Nc3 Nc6 10. Qd3 Na5 11. Bb5 Be6 12. Re1 a6 13. Ba4 Bc4 14. Qf5 Be6 15.
Qxa5 1-0

[Event "Titled Tue 10th Jun Late"]
[Site "chess.com INT"]
[Date "2025.06.10"]
[Round "7"]
[White "Naroditsky, Daniel"]
[Black "Nigalidze, Gaioz"]
[Result "0-1"]
[WhiteTitle "GM"]
[BlackTitle "IM"]
[WhiteElo "2619"]
[BlackElo "2368"]
[WhiteFideId "2026961"]
[BlackFideId "13603078"]
[EventDate "2025.06.10"]

1. e4 c5 2. Nf3 d6 3. Bb5+ Bd7 4. a4 Nf6 5. Qe2 e6 6. c3 Be7 7. d4 cxd4 8. cxd4
d5 9. e5 Ne4 10. Nc3 Nxc3 11. bxc3 Bxb5 12. axb5 O-O 13. O-O Nd7 14. Bd2 Nb6 15.
Ra2 Nc4 16. Rfa1 Qb6 17. Bg5 Bxg5 18. Nxg5 h6 19. Nh3 Qxb5 20. Nf4 a6 21. Nh5
Kh8 22. Qg4 Rg8 23. h4 a5 24. Rd1 a4 25. Kh2 a3 26. Rd3 Nxe5 27. dxe5 Qxd3 28.
Nf4 Qc4 29. Ra1 Qxc3 30. Rb1 a2 31. Rxb7 Qxe5 32. Rxf7 a1=Q 33. g3 Qe4 34. f3
Ra2+ 35. Ng2 Rxg2+ 36. Kh3 Qh1# 0-1

[Event "Titled Tue 10th Jun Late"]
[Site "chess.com INT"]
[Date "2025.06.10"]
[Round "7"]
[White "Sethuraman, Roshan"]
[Black "Saydaliev, Saidakbar"]
[Result "0-1"]
[BlackTitle "IM"]
[WhiteElo "2074"]
[BlackElo "2450"]
[WhiteFideId "30965250"]
[BlackFideId "14203693"]
[EventDate "2025.06.10"]

1. e4 e6 2. d4 d5 3. Nd2 c5 4. Ngf3 cxd4 5. exd5 Qxd5 6. Bc4 Qd7 7. O-O a6 8.
Nb3 Nc6 9. Nbxd4 Nxd4 10. Qxd4 Nf6 11. c3 Qxd4 12. Nxd4 Bd6 13. Be2 O-O 14. Bf3
e5 15. Nb3 e4 16. Be2 h6 17. Be3 Be5 18. Rad1 Be6 19. h3 Nd5 20. Bd4 Bc7 21.
Rfe1 Nf4 22. Bf1 f5 23. Nc5 Bxa2 24. b3 b6 25. Bc4+ Kh7 26. Ne6 Nxe6 27. Bxe6
Rae8 28. Bd5 Rd8 29. Be3 b5 30. Re2 Bb1 31. Rxb1 Rxd5 32. Ra2 a5 33. c4 bxc4 34.
bxc4 Rd3 35. Rb7 Rd1# 0-1

[Event "Titled Tue 10th Jun Late"]
[Site "chess.com INT"]
[Date "2025.06.10"]
[Round "7"]
[White "Fichter, Fabian"]
[Black "Schracke, Guido"]
[Result "1-0"]
[WhiteTitle "FM"]
[BlackTitle "CM"]
[WhiteElo "2235"]
[BlackElo "2138"]
[WhiteFideId "24613258"]
[BlackFideId "4637054"]
[EventDate "2025.06.10"]

1. e4 c5 2. c3 d5 3. e5 Nc6 4. d4 Bf5 5. Bb5 Qb6 6. a4 cxd4 7. cxd4 a6 8. Bxc6+
bxc6 9. Nc3 e6 10. Nge2 Bb4 11. O-O Ne7 12. Be3 h6 13. Qb3 Rb8 14. Rfc1 O-O 15.
a5 Qa7 16. Qa4 Rfc8 17. Na2 c5 18. Nxb4 Rxb4 19. Qa3 Nc6 20. Rxc5 Rc4 21. Rxc4
dxc4 22. d5 1-0

[Event "Titled Tue 10th Jun Late"]
[Site "chess.com INT"]
[Date "2025.06.10"]
[Round "7"]
[White "Sindarov, Islombek"]
[Black "Ragger, Markus"]
[Result "0-1"]
[WhiteTitle "CM"]
[BlackTitle "GM"]
[WhiteElo "2129"]
[BlackElo "2566"]
[WhiteFideId "14205475"]
[BlackFideId "1610856"]
[EventDate "2025.06.10"]

1. Nf3 Nf6 2. g3 g6 3. Bg2 Bg7 4. O-O O-O 5. d3 d5 6. Nbd2 c5 7. e4 Nc6 8. c3 e5
9. Qe2 h6 10. Rd1 Re8 11. Nf1 Be6 12. Ne3 Qd7 13. Qc2 Rad8 14. c4 dxe4 15. dxe4
Nd4 16. Nxd4 exd4 17. Nd5 Bh3 18. Nxf6+ Bxf6 19. Bxh6 Bxg2 20. Kxg2 d3 21. Qb3
Rxe4 22. Be3 Rxe3 23. fxe3 Qc6+ 24. Kf2 Qe4 25. h4 Be5 26. Rd2 Rd6 0-1

[Event "Titled Tue 10th Jun Late"]
[Site "chess.com INT"]
[Date "2025.06.10"]
[Round "7"]
[White "Antoniou, Rafail"]
[Black "Szpar, Milosz"]
[Result "0-1"]
[WhiteTitle "CM"]
[BlackTitle "IM"]
[WhiteElo "2134"]
[BlackElo "2495"]
[WhiteFideId "5904390"]
[BlackFideId "1184989"]
[EventDate "2025.06.10"]

1. d4 Nf6 2. c3 c5 3. Nf3 b6 4. g3 Bb7 5. Bg2 g6 6. O-O Bg7 7. Nh4 Bxg2 8. Nxg2
O-O 9. Bg5 Qc7 10. Bxf6 Bxf6 11. e3 Qb7 12. Nd2 Nc6 13. Nf4 Bg7 14. Nf3 d6 15.
h4 b5 16. h5 b4 17. hxg6 hxg6 18. Ng5 e6 19. Qg4 Rfe8 20. Qh4 e5 21. dxe5 Nxe5
22. Qh7+ Kf8 23. e4 Qe7 24. Qh4 Qxg5 0-1

[Event "Titled Tue 10th Jun Late"]
[Site "chess.com INT"]
[Date "2025.06.10"]
[Round "7"]
[White "Dauer, Andre Leonardo"]
[Black "Jakovljevic, Dejan"]
[Result "1-0"]
[WhiteTitle "CM"]
[BlackTitle "CM"]
[WhiteElo "2138"]
[BlackElo "1956"]
[WhiteFideId "2126915"]
[BlackFideId "949418"]
[EventDate "2025.06.10"]

1. e4 e6 2. d3 d5 3. Nd2 Nf6 4. Ngf3 Nc6 5. g3 dxe4 6. dxe4 e5 7. Bg2 Bc5 8. c3
a5 9. O-O O-O 10. Qe2 b6 11. Nb3 Ba6 12. c4 Bd6 13. Rd1 a4 14. Nbd2 Qe7 15. Nf1
Bc5 16. Be3 Rfd8 17. Bxc5 Qxc5 18. Rxd8+ Rxd8 19. b3 Nb4 20. Ne3 Nxe4 21. a3 Nd3
22. b4 Qd4 23. Nxd4 Nexf2 24. Nc6 Rd6 25. Rf1 1-0

[Event "Titled Tue 10th Jun Late"]
[Site "chess.com INT"]
[Date "2025.06.10"]
[Round "7"]
[White "Timmermans, Mark"]
[Black "Materia, Marco"]
[Result "0-1"]
[WhiteTitle "IM"]
[BlackTitle "IM"]
[WhiteElo "2405"]
[BlackElo "2489"]
[WhiteFideId "1026399"]
[BlackFideId "45150451"]
[EventDate "2025.06.10"]

1. b4 e6 2. Bb2 Nf6 3. b5 d5 4. e3 Bd6 5. c4 O-O 6. a4 e5 7. Nf3 Nbd7 8. cxd5
Nxd5 9. Nc3 Nxc3 10. Bxc3 e4 11. Nd4 Ne5 12. Be2 Qh4 13. Qc2 f5 14. Bb4 Bd7 15.
Bxd6 cxd6 16. Qb3+ Kh8 17. Qd5 Rae8 18. Qxb7 f4 19. Qxe4 Ng4 20. g3 fxg3 21.
fxg3 Qf6 22. Qb7 Qf2+ 23. Kd1 Nxe3+ 24. dxe3 Qxe3 25. Qd5 Re4 26. Qc4 Rxd4+ 0-1

[Event "Titled Tue 10th Jun Late"]
[Site "chess.com INT"]
[Date "2025.06.10"]
[Round "7"]
[White "Mesquita, Eduardo Barbosa"]
[Black "Xia, Joshua"]
[Result "0-1"]
[WhiteElo "2014"]
[BlackElo "2035"]
[WhiteFideId "22757163"]
[BlackFideId "30987830"]
[EventDate "2025.06.10"]

1. e4 c5 2. Nf3 d6 3. d4 cxd4 4. Nxd4 Nf6 5. Nc3 a6 6. f3 e5 7. Nb3 Be6 8. Be3
h5 9. Qd2 Nbd7 10. O-O-O Rc8 11. Nd5 Bxd5 12. exd5 Nb6 13. Bxb6 Qxb6 14. f4 Ne4
15. Qe1 Nf2 16. fxe5 Nxh1 17. exd6+ Kd8 18. Bd3 Nf2 19. Bf5 Bxd6 20. Bxc8 Nxd1
21. Bxb7 Qxb7 22. Qxd1 Qb6 23. Nd4 Re8 24. Nc6+ Kd7 25. c3 Qe3+ 26. Kb1 Qe4+ 27.
Kc1 Bf4+ 0-1

[Event "Titled Tue 10th Jun Late"]
[Site "chess.com INT"]
[Date "2025.06.10"]
[Round "7"]
[White "Odegov, Artem"]
[Black "Fadi, Marko"]
[Result "1-0"]
[WhiteTitle "FM"]
[BlackTitle "FM"]
[WhiteElo "2244"]
[BlackElo "2298"]
[WhiteFideId "34183644"]
[BlackFideId "10605371"]
[EventDate "2025.06.10"]

1. d4 d5 2. c4 e6 3. Nf3 Nf6 4. Qc2 Be7 5. g3 O-O 6. Bg2 c6 7. O-O Nbd7 8. Nbd2
b6 9. e4 dxe4 10. Nxe4 Bb7 11. Rd1 Nxe4 12. Qxe4 Nf6 13. Qe2 Qc8 14. Bf4 c5 15.
d5 exd5 16. Qxe7 Re8 17. Qc7 dxc4 18. Qxc8 Raxc8 19. Rac1 b5 20. Bg5 Ne4 21. Be3
h6 22. Rd7 Bc6 23. Rxa7 Ra8 24. Rxa8 Rxa8 25. a3 c3 26. bxc3 Rxa3 27. c4 b4 28.
Ne5 b3 29. Nxc6 b2 30. Rb1 1-0

[Event "Titled Tue 10th Jun Late"]
[Site "chess.com INT"]
[Date "2025.06.10"]
[Round "7"]
[White "Jasinski, Alexander"]
[Black "Swara Lakshmi S Nair"]
[Result "1-0"]
[BlackTitle "WCM"]
[WhiteElo "1989"]
[BlackElo "2187"]
[WhiteFideId "55627994"]
[BlackFideId "25629239"]
[EventDate "2025.06.10"]

1. e4 c5 2. Nf3 d6 3. Bb5+ Bd7 4. Bxd7+ Qxd7 5. c4 Nc6 6. d4 cxd4 7. Nxd4 Nf6 8.
Nc3 g6 9. b3 Bg7 10. Bb2 O-O 11. O-O Rac8 12. Re1 a6 13. a4 Rfd8 14. Nd5 Nxd5
15. exd5 Nxd4 16. Bxd4 b5 17. axb5 axb5 18. Bxg7 Kxg7 19. Qd4+ Kg8 20. Ra7 Rc7
21. Rxc7 Qxc7 22. cxb5 Rb8 23. Qc4 Qb7 24. g3 Qxb5 25. Rxe7 Qxb3 26. Re8+ Kg7
27. Qd4+ f6 28. Re7+ Kg8 29. h4 Rf8 30. Qa7 Qd1+ 31. Kh2 Qh5 32. Rg7+ Kh8 33.
Qe7 Rg8 34. Rf7 Qf3 35. Rxh7# 1-0

[Event "Titled Tue 10th Jun Late"]
[Site "chess.com INT"]
[Date "2025.06.10"]
[Round "7"]
[White "Shuvalova, Polina"]
[Black "Azamikia, Mehran"]
[Result "1-0"]
[WhiteTitle "IM"]
[BlackTitle "CM"]
[WhiteElo "2480"]
[BlackElo "2130"]
[WhiteFideId "24171760"]
[BlackFideId "12502502"]
[EventDate "2025.06.10"]

1. e4 c5 2. Nf3 Nf6 3. Nc3 d5 4. exd5 Nxd5 5. Bb5+ Bd7 6. Ne5 Nf6 7. Nxd7 Nbxd7
8. O-O a6 9. Be2 e5 10. d3 Bd6 11. Ne4 Be7 12. Be3 O-O 13. a4 Nd5 14. Bd2 f5 15.
Nc3 Nxc3 16. Bxc3 Bd6 17. Bf3 Rb8 18. a5 Nf6 19. Ra4 Qc7 20. g3 Rbe8 21. Bg2 Re7
22. b3 h6 23. Re1 Rfe8 24. h4 Ng4 25. Qf3 Qc8 26. Qd5+ Qe6 27. Qxe6+ Rxe6 28.
Bd5 Kf8 29. Bxe6 Rxe6 30. b4 e4 31. dxe4 fxe4 32. Kg2 Kf7 33. bxc5 Bxc5 34.
Raxe4 Rxe4 35. Rxe4 Nxf2 36. Rf4+ Ke6 37. Rxf2 1-0

[Event "Titled Tue 10th Jun Late"]
[Site "chess.com INT"]
[Date "2025.06.10"]
[Round "7"]
[White "Esipenko, Andrey"]
[Black "Henriquez Villagra, Cristobal"]
[Result "1-0"]
[WhiteTitle "GM"]
[BlackTitle "GM"]
[WhiteElo "2689"]
[BlackElo "2597"]
[WhiteFideId "24175439"]
[BlackFideId "3409350"]
[EventDate "2025.06.10"]

1. e4 c6 2. d4 d5 3. f3 g6 4. Nc3 Bg7 5. Be3 b5 6. a3 a6 7. Qd2 e6 8. h4 h5 9.
Bd3 Nd7 10. Nge2 Bb7 11. b4 Ne7 12. Bg5 Nb6 13. e5 a5 14. Rb1 axb4 15. axb4 Qd7
16. Kf2 Nf5 17. g4 Ne7 18. Nf4 Ra3 19. Ra1 Rxa1 20. Rxa1 hxg4 21. fxg4 Nc4 22.
Bxc4 dxc4 23. Ne4 Nd5 24. Nd6+ Kf8 25. Ra7 1-0

[Event "Titled Tue 10th Jun Late"]
[Site "chess.com INT"]
[Date "2025.06.10"]
[Round "7"]
[White "Slate, Kent"]
[Black "Qi, Jenny"]
[Result "1-0"]
[BlackTitle "WFM"]
[WhiteElo "2082"]
[BlackElo "1946"]
[WhiteFideId "30961564"]
[BlackFideId "30995914"]
[EventDate "2025.06.10"]

1. Nf3 d5 2. c4 d4 3. e3 c5 4. b4 Nc6 5. b5 Nb8 6. Bb2 Bg4 7. h3 Bxf3 8. Qxf3
Qd7 9. exd4 cxd4 10. Qe4 Nf6 11. Qxd4 Qxd4 12. Bxd4 e6 13. Be2 Be7 14. Bf3 Nbd7
15. Bxb7 Rb8 16. Bc6 O-O 17. Bxa7 Rbd8 18. Nc3 Nc5 19. Bxc5 Bxc5 20. a4 Bd4 21.
Ke2 e5 22. a5 Nh5 23. g3 f5 24. a6 f4 25. Bf3 Nf6 26. Nd5 Bxa1 27. Nxf6+ Rxf6
28. Rxa1 Rfd6 29. Bd5+ 1-0